书目信息 |
| 题名: |
兰伯特先生
|
|
| 作者: | 桑贝, 著 ;秋杉 译 | |
| 分册: | ||
| 出版信息: | 北京 中信出版社 2003.03 |
|
| 页数: | 101页 | |
| 开本: | 19cm | |
| 丛书名: | 法国绘本大师桑贝经典系列 | |
| 单 册: | ||
| 中图分类: | J238.2 | |
| 科图分类: | ||
| 主题词: | 漫画--man hua--法国--现代--画册 | |
| 电子资源: | ||
| ISBN: | 7-80073-628-8 | |
| 000 | 01026nam 2200277 450 | |
| 001 | 012008483002 | |
| 005 | 20080318104200.84 | |
| 010 | @a7-80073-628-8@dCNY23.00 | |
| 100 | @a20080318d2003 km y0chiy0120 ea | |
| 101 | 1 | @achi@cfre |
| 102 | @aCN@b110000 | |
| 105 | @aa t 000yy | |
| 106 | @ar | |
| 200 | 1 | @a兰伯特先生@Alan bo te xian sheng@d= Monsieur Lambert@f(法) 让-雅克·桑贝著@F(fa)rang-ya ke·sang bei zhu@g秋杉译@Gqiu shan yi@zfre |
| 210 | @a北京@c中信出版社@d2003.03 | |
| 215 | @a101页@c图@d19cm | |
| 225 | 2 | @a法国绘本大师桑贝经典系列@Afa guo hui ben da shi sang bei jing dian xi lie |
| 330 | @a本书是法国漫画家让-雅克·桑贝的作品。作品从男性视角出发, 表现了男性在中年时期对爱情、友情及政治的看法。 | |
| 410 | 0 | @12001 @a法国绘本大师桑贝经典系列 |
| 510 | 1 | @aMonsieur Lambert@zfre |
| 606 | 0 | @a漫画@Aman hua@y法国@z现代@j画册 |
| 690 | @aJ238.2@v4 | |
| 701 | 1 | @a桑贝,@Asang bei,@b让-雅克@4著 |
| 702 | 0 | @a秋杉@Aqiu shan@4译 |
| 801 | 0 | @aCN@bQSSK@c20080318 |
| 905 | @b20287153-55@dJ238.2@eS031@f3 | |
| 兰伯特先生= Monsieur Lambert/(法) 让-雅克·桑贝著/秋杉译.-北京:中信出版社,2003.03 |
| 101页:图;19cm.-(法国绘本大师桑贝经典系列) |
| ISBN 7-80073-628-8:CNY23.00 |
| 本书是法国漫画家让-雅克·桑贝的作品。作品从男性视角出发, 表现了男性在中年时期对爱情、友情及政治的看法。 |
| ● |
| 相关链接 |
|
|
|
正题名:兰伯特先生
索取号:J238.2/S031
 
预约/预借
| 序号 | 登录号 | 条形码 | 馆藏地/架位号 | 状态 | 备注 |
| 1 | 287153 | 202871534 | 社科库309/309社科库 78排3列4层/ [索取号:J238.2/S031] | 在馆 | |
| 2 | 287154 | 202871543 | 社科库309/309社科库 78排3列4层/ [索取号:J238.2/S031] | 在馆 | |
| 3 | 287155 | 202871552 | 社科库309/309社科库 78排3列4层/ [索取号:J238.2/S031] | 在馆 |